[Event "Polanica Zdroj op 60th"]
[Site "Polanica Zdroj"]
[Date "2024.08.17"]
[Round "1"]
[White "Engesser, Jonas"]
[Black "Rylski, Tadeusz"]
[Result "1-0"]
[WhiteElo "2086"]
[BlackElo "1914"]
[PlyCount "75"]
[EventDate "2024.08.17"]
[EventType "swiss"]
[EventRounds "9"]
[EventCountry "POL"]
[SourceTitle "CBM 221 Extra"]
[Source "ChessBase"]
[SourceDate "2024.09.30"]
[SourceVersion "1"]
[SourceVersionDate "2024.09.30"]
[SourceQuality "1"]

1. c4 Nf6 2. Nc3 c5 3. g3 Nc6 4. Bg2 e6 5. Nf3 Be7 6. 0-0 0-0 7. d4 cxd4 8. Nxd4 e5 9. Nc2 b6 10. Nd5 Ba6 11. b3 Rc8 12. Nxe7+ Qxe7 13. Ba3 Qe6 14. Bxf8 Rxf8 15. Qd2 e4 16. Qf4 Re8 17. Rad1 d5 18. cxd5 Nxd5 19. Qxe4 Qxe4 20. Bxe4 Rxe4 21. Rxd5 g6 22. Re1 Bxe2 23. Rd2 Bf3 24. Rxe4 Bxe4 25. Nd4 Ne5 26. Re2 f5 27. f3 Nxf3+ 28. Nxf3 Bxf3 29. Re7 a6 30. Re8+ Kg7 31. Rb8 b5 32. Rb6 Kh6 33. Rxa6 Kg5 34. Rb6 Be2 35. a4 bxa4 36. bxa4 f4 37. gxf4+ Kxf4 38. a5 1-0

[Event "Munich op-A 2nd"]
[Site "Munich"]
[Date "2024.06.01"]
[Round "8"]
[White "Saine, Zachary"]
[Black "Engesser, Jonas"]
[Result "1/2-1/2"]
[WhiteElo "2021"]
[BlackElo "2092"]
[PlyCount "124"]
[EventDate "2024.05.26"]
[EventType "swiss"]
[EventRounds "9"]
[EventCountry "GER"]
[SourceTitle "CBM 220 Extra"]
[Source "ChessBase"]
[SourceDate "2024.07.31"]
[SourceVersion "1"]
[SourceVersionDate "2024.07.31"]
[SourceQuality "1"]

1. e4 c5 2. Nf3 d6 3. d4 cxd4 4. Nxd4 Nf6 5. Nc3 a6 6. Rg1 e5 7. Nb3 h5 8. h3 Be6 9. Be3 Nbd7 10. Qf3 Rc8 11. Rd1 b5 12. a3 Qc7 13. Bd3 Nb6 14. g4 hxg4 15. hxg4 Nc4 16. Bc1 Nxa3 17. g5 Nd7 18. g6 Nf6 19. Bg5 Be7 20. gxf7+ Kxf7 21. Ra1 b4 22. bxa3 bxc3 23. Bxa6 Rb8 24. Nc1 Qb6 25. Qe2 Qd4 26. Bd3 Qa4 27. f4 exf4 28. Bxf4 Rh4 29. Bg5 Qd4 30. Be3 Qe5 31. Bf2 Rh2 32. Qf3 Rh3 33. Rg3 Rxg3 34. Qxg3 Qh5 35. Ne2 Rc8 36. Nf4 Qh1+ 37. Qg1 Qxg1+ 38. Bxg1 Bg4 39. a4 g5 40. Ne2 d5 41. exd5 Nxd5 42. a5 Nb4 43. Be4 Rc4 44. Nd4 Bf6 45. a6 Bxd4 46. a7 Bxa7 47. Rxa7+ Kf6 48. Bh7 Be6 49. Bf2 Bf5 50. Bxf5 Kxf5 51. Ke2 Re4+ 52. Kf3 Rf4+ 53. Kg3 Rc4 54. Ra5+ Kg6 55. Be3 g4 56. Ra4 Kf5 57. Bc5 Rxc5 58. Rxb4 Rd5 59. Rc4 Rd1 60. Rxc3 Rg1+ 61. Kf2 Rc1 62. Kg3 Rg1+ 1/2-1/2

[Event "Munich op-A 2nd"]
[Site "Munich"]
[Date "2024.05.30"]
[Round "6"]
[White "Herbrig, Alexander"]
[Black "Engesser, Jonas"]
[Result "1-0"]
[WhiteElo "2279"]
[BlackElo "2092"]
[PlyCount "59"]
[EventDate "2024.05.26"]
[EventType "swiss"]
[EventRounds "9"]
[EventCountry "GER"]
[SourceTitle "CBM 220 Extra"]
[Source "ChessBase"]
[SourceDate "2024.07.31"]
[SourceVersion "1"]
[SourceVersionDate "2024.07.31"]
[SourceQuality "1"]

1. d4 Nf6 2. Nf3 g6 3. g3 Bg7 4. Bg2 0-0 5. 0-0 d6 6. b3 c5 7. c4 cxd4 8. Nxd4 d5 9. cxd5 Nxd5 10. Bb2 a6 11. Nd2 b5 12. Ne4 Qb6 13. a4 bxa4 14. Rxa4 Bb7 15. Qa1 Nf6 16. Nc2 Bxe4 17. Rxe4 Nc6 18. Ne3 Rfd8 19. Rc4 Na5 20. Bxa8 Rxa8 21. Bd4 Qd8 22. Rb4 Nc6 23. Ra4 Qb8 24. Bc3 Qxb3 25. Rb1 Qe6 26. Rxa6 Rxa6 27. Qa2 Ra5 28. Qxa5 h5 29. Qa6 Qe4 30. Rb6 1-0

[Event "AUT-chT2W 2324"]
[Site "Austria"]
[Date "2024.01.21"]
[Round "8.6"]
[White "Stoeckl, Norbert"]
[Black "Engesser, Jonas"]
[Result "0-1"]
[WhiteElo "2110"]
[BlackElo "2100"]
[PlyCount "22"]
[EventDate "2023.09.29"]
[EventType "team-tourn"]
[EventRounds "11"]
[EventCountry "AUT"]
[SourceTitle "EXT 2025"]
[Source "ChessBase"]
[SourceDate "2024.10.14"]
[SourceVersion "1"]
[SourceVersionDate "2024.10.14"]
[SourceQuality "1"]
[WhiteTeam "Schwarzach"]
[BlackTeam "Kufstein/Woergl"]
[WhiteTeamCountry "AUT"]
[BlackTeamCountry "AUT"]

1. e4 c5 2. Nf3 d6 3. d4 cxd4 4. Qxd4 Nf6 5. c4 Nc6 6. Qe3 g6 7. h3 Bg7 8. Nc3 0-0 9. Bd2 e6 10. Be2 d5 11. e5 d4 0-1

[Event "Munich Pfingst op-A 1st"]
[Site "Munich"]
[Date "2023.05.31"]
[Round "1"]
[White "Feuerstack, Aljoscha"]
[Black "Engesser, Jonas"]
[Result "1-0"]
[WhiteElo "2462"]
[BlackElo "2103"]
[PlyCount "107"]
[EventDate "2023.05.31"]
[EventType "swiss"]
[EventRounds "9"]
[EventCountry "GER"]
[SourceTitle "CBM 214 Extra"]
[Source "ChessBase"]
[SourceDate "2023.07.31"]
[SourceVersion "1"]
[SourceVersionDate "2023.07.31"]
[SourceQuality "1"]

1. d4 Nf6 2. c4 g6 3. g3 Bg7 4. Bg2 0-0 5. Nc3 d6 6. Nf3 c5 7. d5 e6 8. 0-0 Re8 9. Bf4 e5 10. Bg5 h6 11. Bxf6 Qxf6 12. Ne1 Qe7 13. Nd3 Nd7 14. e4 h5 15. a3 Bh6 16. b4 b6 17. f4 h4 18. Nb5 Rf8 19. Qf3 hxg3 20. hxg3 Bg7 21. f5 gxf5 22. Qxf5 Nf6 23. Qf3 Bg4 24. Qe3 Bd7 25. Bf3 Nh7 26. Ra2 f5 27. exf5 Bxf5 28. Be4 Bxe4 29. Qxe4 Ng5 30. Qg6 Nf3+ 31. Kg2 Rf6 32. Qg4 Raf8 33. Raf2 e4 34. Nf4 Rxf4 35. gxf4 a6 36. Nc3 Nh4+ 37. Kh1 Nf3 38. Nxe4 Qxe4 39. Qxf3 Qxc4 40. bxc5 bxc5 41. Re1 Rf5 42. Rg2 Qxf4 43. Qxf4 Rxf4 44. Re6 Rf1+ 45. Rg1 Rxg1+ 46. Kxg1 Be5 47. Re7 c4 48. Kf1 Bd4 49. Ke2 Bc5 50. a4 a5 51. Re4 c3 52. Kd3 c2 53. Kxc2 Kf7 54. Kd3 1-0

[Event "Neckar op 20th"]
[Site "Deizisau"]
[Date "2023.04.09"]
[Round "6"]
[White "Engesser, Jonas"]
[Black "Huber, Philipp"]
[Result "0-1"]
[WhiteElo "2119"]
[BlackElo "2257"]
[PlyCount "224"]
[EventDate "2023.04.06"]
[EventType "swiss"]
[EventRounds "9"]
[EventCountry "GER"]
[SourceTitle "CBM 213 Extra"]
[Source "ChessBase"]
[SourceDate "2023.05.31"]
[SourceVersion "1"]
[SourceVersionDate "2023.05.31"]
[SourceQuality "1"]

1. Nf3 Nf6 2. g3 g6 3. b3 Bg7 4. Bb2 a5 5. Bg2 d5 6. 0-0 0-0 7. c4 c6 8. d4 a4 9. a3 axb3 10. Qxb3 dxc4 11. Qxc4 Nbd7 12. Qc2 Nb6 13. Nbd2 Na4 14. Bc1 Nd5 15. Nb3 Ndc3 16. Re1 e5 17. Nxe5 c5 18. e3 cxd4 19. exd4 Bf5 20. Qd2 Qb6 21. Nc5 Rfd8 22. Nxa4 Nxa4 23. Qb4 Rxd4 24. Qxb6 Nxb6 25. Bb2 Rd2 26. Bc3 Rc2 27. Bd4 Nc4 28. Bxb7 Rd8 29. Nxc4 Bxd4 30. Ne3 Bxa1 31. Nxc2 Bc3 32. Re7 Bxc2 33. Rc7 Rd3 34. Ba6 Rd1+ 35. Kg2 Rc1 36. Bc4 Kg7 37. Bxf7 Be5 38. Ra7 Be4+ 39. f3 Rc2+ 40. Kf1 Bd3+ 41. Ke1 Rc7 42. Rxc7 Bxc7 43. Bd5 Bb5 44. Bb3 Bb6 45. a4 Bc6 46. Ke2 Kf6 47. Bc2 Ke5 48. h4 Kf6 49. Bb3 h6 50. Bc2 Bd5 51. Bd3 Ba5 52. Bb5 Bb3 53. Bc6 Bc4+ 54. Kf2 Bb6+ 55. Kg2 Ke5 56. Be4 Bf7 57. Bc2 Kd4 58. Be4 Ke3 59. Bc6 Be6 60. Be4 Bf7 61. Bc6 Ba5 62. Be4 Be8 63. Bc2 Be1 64. Be4 Bf7 65. Bc6 Ba5 66. Be4 Bb4 67. Bc6 Bb3 68. Be4 g5 69. Bc6 Bd1 70. Bd5 Bxa4 71. Bb7 Bd1 72. Bc6 Be7 73. hxg5 hxg5 74. Bb7 Be2 75. Bc6 Bc5 76. Bb7 Bc4 77. Bc6 Be6 78. Bb7 Ke2 79. Bc6 Ke1 80. Be4 Bd7 81. Bd5 Bb5 82. Kh3 Kf2 83. Kg4 Be7 84. f4 Bd7+ 85. f5 Be8 86. Be6 Ke3 87. Bc4 Kd4 88. Be6 Ke5 89. Bb3 Kf6 90. Bc2 Kg7 91. Bd3 Kh6 92. Be4 Bh5+ 93. Kh3 g4+ 94. Kg2 Bc5 95. Bc2 Kg5 96. Bd3 Be8 97. Be4 Bd7 98. f6 Kxf6 99. Bb7 Ke5 100. Ba8 Bf5 101. Kh2 Be4 102. Bb7 Bf3 103. Bc6 Be3 104. Bd7 Kd4 105. Be6 Kc3 106. Bf5 Kd2 107. Be6 Ke1 108. Bd7 Bc5 109. Bxg4 Bxg4 110. Kg2 Ke2 111. Kh2 Kf2 112. Kh1 Bd6 0-1

[Event "Staufer op 33rd"]
[Site "Schwaebisch Gmuend"]
[Date "2023.01.04"]
[Round "6"]
[White "Riehle, Marco"]
[Black "Engesser, Jonas"]
[Result "1-0"]
[WhiteElo "2358"]
[BlackElo "2086"]
[PlyCount "79"]
[EventDate "2023.01.02"]
[EventType "swiss"]
[EventRounds "9"]
[EventCountry "GER"]
[SourceTitle "CBM 212 Extra"]
[Source "ChessBase"]
[SourceDate "2023.03.31"]
[SourceVersion "1"]
[SourceVersionDate "2023.03.31"]
[SourceQuality "1"]

1. e4 c5 2. Nf3 d6 3. d4 cxd4 4. Nxd4 Nf6 5. Nc3 a6 6. Be2 e5 7. Nb3 Be7 8. Be3 Be6 9. f3 Nbd7 10. Qd2 Qc7 11. 0-0-0 h5 12. Kb1 Rc8 13. g4 hxg4 14. fxg4 g6 15. Bg5 Rh3 16. Bd3 Bxg4 17. Rdf1 Be6 18. Qg2 Rh7 19. h4 Qd8 20. Nd5 Bxd5 21. exd5 Nh5 22. Nd2 Ndf6 23. c4 Qd7 24. Rhg1 b5 25. Rf2 Rg7 26. cxb5 axb5 27. Qf1 Qa7 28. Bxb5+ Kf8 29. Bc6 Rh7 30. Rgg2 Nd7 31. Ne4 Nb8 32. Bxe7+ Kxe7 33. Ng5 Nf4 34. Nxh7 Nxc6 35. dxc6 Ra8 36. a3 Qd4 37. Rxf4 exf4 38. Qe1+ Kd8 39. Rd2 Qc5 40. Ng5 1-0

[Event "Bassano del Grappa Easter op-A 2nd"]
[Site "Bassano del Grappa"]
[Date "2022.04.18"]
[Round "8"]
[White "Engesser, Jonas"]
[Black "Pozzari, Simone"]
[Result "0-1"]
[WhiteElo "2065"]
[BlackElo "2227"]
[PlyCount "140"]
[EventDate "2022.04.14"]
[EventType "swiss"]
[EventRounds "9"]
[EventCountry "ITA"]
[SourceTitle "EXT 2024"]
[Source "ChessBase"]
[SourceDate "2023.10.10"]
[SourceVersion "1"]
[SourceVersionDate "2023.10.10"]
[SourceQuality "1"]

1. d4 d5 2. Nf3 e6 3. g3 c5 4. Bg2 cxd4 5. 0-0 Nf6 6. Nxd4 e5 7. Nb3 Be6 8. c4 Nc6 9. cxd5 Nxd5 10. N1d2 Be7 11. Ne4 Ndb4 12. Bd2 Bd5 13. a3 Na6 14. Be3 0-0 15. Rc1 Kh8 16. Nbc5 Nxc5 17. Bxc5 Bxc5 18. Rxc5 Bxe4 19. Bxe4 Qe7 20. b4 Rfd8 21. Qc2 Nd4 22. Qc4 f5 23. Bd5 Rab8 24. e3 b6 25. Rc7 Qd6 26. exd4 Qxd5 27. Qxd5 Rxd5 28. dxe5 Rxe5 29. Rxa7 Ree8 30. Rd1 Ra8 31. Rdd7 Rxa7 32. Rxa7 h6 33. Ra6 Rb8 34. h4 g5 35. Kf1 Kg7 36. Ke2 Kf6 37. Ra7 Re8+ 38. Kf3 Ke5 39. Rb7 Re6 40. h5 g4+ 41. Kg2 Kf6 42. Rh7 Kg5 43. Rf7 Rd6 44. Rb7 Kxh5 45. b5 Kg5 46. a4 Kf6 47. Rc7 Ke5 48. Kf1 f4 49. gxf4+ Kxf4 50. Rc6 Ke5 51. Kg2 h5 52. Kg3 Rd3+ 53. Kg2 Rd6 54. Kg3 Rd3+ 55. Kg2 h4 56. Rxb6 h3+ 57. Kh2 Rf3 58. Kg1 Ra3 59. Ra6 Ra1+ 60. Kh2 Rf1 61. Rh6 Rxf2+ 62. Kg1 Rg2+ 63. Kf1 Ra2 64. b6 Rxa4 65. Rh5+ Kf4 66. Rb5 h2 67. Kg2 g3 68. Rb1 Kg4 69. b7 Ra2+ 70. Kh1 Kh3 0-1

[Event "Bassano del Grappa Easter op-A 2nd"]
[Site "Bassano del Grappa"]
[Date "2022.04.15"]
[Round "4"]
[White "Kalogridis, Antonios"]
[Black "Engesser, Jonas"]
[Result "1-0"]
[WhiteElo "2316"]
[BlackElo "2065"]
[PlyCount "61"]
[EventDate "2022.04.14"]
[EventType "swiss"]
[EventRounds "9"]
[EventCountry "ITA"]
[SourceTitle "EXT 2024"]
[Source "ChessBase"]
[SourceDate "2023.10.10"]
[SourceVersion "1"]
[SourceVersionDate "2023.10.10"]
[SourceQuality "1"]

1. d4 Nf6 2. c4 c5 3. d5 b5 4. cxb5 a6 5. e3 g6 6. Nc3 Bg7 7. e4 d6 8. Nf3 0-0 9. a4 Nbd7 10. Ra3 axb5 11. Bxb5 Ba6 12. Qc2 Nb6 13. Nd2 Bxb5 14. Nxb5 e6 15. dxe6 fxe6 16. 0-0 Ng4 17. Nc4 d5 18. Nxb6 Qxb6 19. Qd1 Nf6 20. e5 Nd7 21. f4 Nb8 22. Qg4 Na6 23. Rh3 Nb4 24. Nd6 Rf5 25. Qh4 Rh5 26. Qe7 Qa7 27. Qxe6+ Kh8 28. Rxh5 c4+ 29. Kh1 gxh5 30. Be3 Qc7 31. Bb6 1-0

[Event "Cattolica Primavera op"]
[Site "Cattolica"]
[Date "2022.03.19"]
[Round "7"]
[White "Engesser, Jonas"]
[Black "Aarav, Dengla"]
[Result "1-0"]
[WhiteElo "2084"]
[BlackElo "2144"]
[PlyCount "113"]
[EventDate "2022.03.16"]
[EventType "swiss"]
[EventRounds "9"]
[EventCountry "ITA"]
[SourceTitle "CBM 207 Extra"]
[Source "ChessBase"]
[SourceDate "2022.05.31"]
[SourceVersion "1"]
[SourceVersionDate "2022.05.31"]
[SourceQuality "1"]

1. e4 c5 2. Nc3 d6 3. d4 cxd4 4. Qxd4 Nc6 5. Qd2 g6 6. b3 Bh6 7. f4 f5 8. Bb2 Nf6 9. 0-0-0 Qa5 10. Kb1 Rf8 11. h3 Nxe4 12. Nxe4 fxe4 13. Bc3 e3 14. Qxe3 Bxf4 15. Qe1 Qc5 16. Nf3 Bd7 17. Bc4 e5 18. Rd5 Qe3 19. Qxe3 Bxe3 20. Rxd6 Ke7 21. Rd3 Bf4 22. Re1 Bf5 23. Rdd1 Kf6 24. g4 Be6 25. g5+ Ke7 26. Nxe5 Bxe5 27. Bxe5 Bxc4 28. Bd6+ Kf7 29. Bxf8 Be6 30. Ba3 Rc8 31. Rf1+ Kg8 32. h4 Bf5 33. Rd5 Bxc2+ 34. Kb2 Bf5 35. Rf2 Re8 36. Bd6 Rd8 37. Rdd2 Rc8 38. b4 a6 39. h5 Nd8 40. h6 Nf7 41. Bf4 Kf8 42. Rd5 Be6 43. Rc5 Rxc5 44. bxc5 Ke7 45. Rd2 Bf5 46. Kc3 Nd8 47. Rd5 Be6 48. Rd2 Nc6 49. Rb2 Bc8 50. Bd6+ Kf7 51. Rg2 Bf5 52. Kc4 Ke6 53. Rb2 Be4 54. Rf2 Bf5 55. a4 Na5+ 56. Kc3 Kd5 57. Rxf5+ 1-0

[Event "Arco op 43rd"]
[Site "Arco"]
[Date "2021.10.12"]
[Round "4"]
[White "Wunderlich, Frank"]
[Black "Engesser, Jonas"]
[Result "0-1"]
[WhiteElo "1759"]
[BlackElo "2002"]
[PlyCount "82"]
[EventDate "2021.10.09"]
[EventType "swiss"]
[EventRounds "9"]
[EventCountry "ITA"]
[SourceTitle "CBM 204 Extra"]
[Source "ChessBase"]
[SourceDate "2021.11.30"]
[SourceVersion "1"]
[SourceVersionDate "2021.11.30"]
[SourceQuality "1"]

1. e4 c5 2. Nf3 d6 3. d4 cxd4 4. Nxd4 Nf6 5. Nc3 a6 6. Be2 e5 7. Nf3 Qc7 8. 0-0 h6 9. h3 Be7 10. Be3 0-0 11. Qd2 Be6 12. Rad1 Nbd7 13. Rfe1 Rac8 14. Bd3 Rfd8 15. Qe2 Re8 16. Nd2 Bf8 17. Nd5 Bxd5 18. exd5 Nxd5 19. Bc4 Nxe3 20. Qxe3 Nf6 21. Bb3 d5 22. c3 Rcd8 23. Qg3 Bd6 24. Qh4 e4 25. Nf1 Re5 26. g4 Rg5 27. Ne3 Bf4 28. Kf1 h5 29. Ng2 hxg4 30. Nxf4 Qxf4 31. Re3 Rh5 32. Qg3 Qxg3 33. Rxg3 gxh3 34. Ke2 Nh7 35. Rdg1 g6 36. Ke3 Kg7 37. Rh1 h2 38. Bd1 Rh4 39. Rg4 Rxg4 40. Bxg4 Nf6 41. Be2 Rh8 0-1

[Event "Arco op 43rd"]
[Site "Arco"]
[Date "2021.10.10"]
[Round "2"]
[White "Borgo, Giulio"]
[Black "Engesser, Jonas"]
[Result "1-0"]
[WhiteElo "2353"]
[BlackElo "2002"]
[PlyCount "117"]
[EventDate "2021.10.09"]
[EventType "swiss"]
[EventRounds "9"]
[EventCountry "ITA"]
[SourceTitle "CBM 204 Extra"]
[Source "ChessBase"]
[SourceDate "2021.11.30"]
[SourceVersion "1"]
[SourceVersionDate "2021.11.30"]
[SourceQuality "1"]

1. e4 c5 2. Nf3 d6 3. Bb5+ Nd7 4. c3 Ngf6 5. Qe2 a6 6. Ba4 b5 7. Bc2 Bb7 8. 0-0 g6 9. d4 Bg7 10. Bg5 0-0 11. Nbd2 h6 12. Bh4 cxd4 13. cxd4 e5 14. dxe5 dxe5 15. b4 Rc8 16. Bb3 Qc7 17. Rfd1 Qc3 18. Rab1 Nb6 19. Qe1 Rfe8 20. Rbc1 Qxb4 21. Bxf6 Bxf6 22. Qe3 Nc4 23. Qxh6 Bg7 24. Qg5 a5 25. Rb1 Qe7 26. Qg4 Red8 27. h4 Nxd2 28. Rxd2 Rxd2 29. Nxd2 Rd8 30. Nf1 a4 31. Bd1 Rd4 32. Ng3 Qd7 33. Qxd7 Rxd7 34. Be2 Ba6 35. h5 Rd2 36. hxg6 fxg6 37. Rc1 Rxa2 38. Rc6 Bb7 39. Rb6 Bxe4 40. Rxb5 Ra1+ 41. Kh2 Bc2 42. Bc4+ Kh7 43. f3 Re1 44. Rb2 Bb1 45. Ba2 Bd3 46. Rd2 Bb5 47. Ne4 Bh6 48. Rd6 Bf4+ 49. Kh3 Re2 50. Be6 a3 51. Rb6 Rb2 52. Rb7+ Kh6 53. Nf6 g5 54. Bf5 g4+ 55. Nxg4+ Kg5 56. Be4 Bf1 57. Rg7+ Kh5 58. Nf6+ Kh6 59. Rg6# 1-0

[Event "Prague Summer op-A 5th"]
[Site "Prague"]
[Date "2018.08.06"]
[Round "5"]
[White "Jurcik, Marian"]
[Black "Engesser, Jonas"]
[Result "1-0"]
[WhiteElo "2455"]
[BlackElo "2007"]
[PlyCount "87"]
[EventDate "2018.08.03"]
[EventType "swiss"]
[EventRounds "9"]
[EventCountry "CZE"]
[SourceTitle "CBM 185 Extra"]
[Source "ChessBase"]
[SourceDate "2018.07.29"]
[SourceVersion "1"]
[SourceVersionDate "2018.07.29"]
[SourceQuality "1"]

1. e4 c5 2. Nf3 d6 3. d4 cxd4 4. Qxd4 Nc6 5. Bb5 Bd7 6. Qd3 Nf6 7. c4 g6 8. Nc3 Bg7 9. 0-0 0-0 10. h3 Rc8 11. Be3 a6 12. Bxc6 Bxc6 13. Nd4 e6 14. Rfd1 Qe7 15. Rac1 Rfd8 16. Nxc6 Rxc6 17. Bg5 h6 18. Bh4 g5 19. Bg3 Nh5 20. Bh2 Nf4 21. Bxf4 gxf4 22. b3 Kh8 23. Ne2 Be5 24. Nd4 Rcc8 25. Nf3 Bg7 26. Qd2 Qf6 27. Qb4 Qg6 28. Qxb7 Bb2 29. Rc2 Rg8 30. Ne1 Be5 31. f3 Qh5 32. Kf1 a5 33. Qa7 Ra8 34. Qf2 f5 35. Qe2 Qg5 36. c5 fxe4 37. fxe4 Rgc8 38. cxd6 Rxc2 39. Qxc2 Qd8 40. Nf3 Bg7 41. Qc7 e5 42. Qxd8+ Rxd8 43. Nh4 Rd7 44. Nf5 1-0

[Event "Prague Summer op-A 5th"]
[Site "Prague"]
[Date "2018.08.05"]
[Round "4"]
[White "Engesser, Jonas"]
[Black "Husek, Martin"]
[Result "1-0"]
[WhiteElo "2007"]
[BlackElo "2174"]
[PlyCount "65"]
[EventDate "2018.08.03"]
[EventType "swiss"]
[EventRounds "9"]
[EventCountry "CZE"]
[SourceTitle "CBM 185 Extra"]
[Source "ChessBase"]
[SourceDate "2018.07.29"]
[SourceVersion "1"]
[SourceVersionDate "2018.07.29"]
[SourceQuality "1"]

1. e4 c5 2. Nf3 g6 3. d4 cxd4 4. Nxd4 Bg7 5. Nc3 Nc6 6. Be3 Nf6 7. Bc4 0-0 8. Bb3 Re8 9. 0-0 d6 10. h3 Na5 11. Qd2 b6 12. f4 Bb7 13. e5 Nxb3 14. axb3 Ne4 15. Nxe4 Bxe4 16. e6 f5 17. Ra4 Qc8 18. Rc4 Qb7 19. Rf2 Rec8 20. Rxc8+ Rxc8 21. c4 d5 22. Qb4 Bf6 23. c5 Rxc5 24. Nxf5 Rc8 25. Ng3 d4 26. Bxd4 a5 27. Qd2 Rc2 28. Qe3 Rxf2 29. Qxf2 Bh4 30. Qe3 Bxg3 31. Qxg3 Qc6 32. f5 Qc8 33. Qe5 1-0

[Event "Schweinfurt op 26th"]
[Site "Schweinfurt"]
[Date "2016.05.29"]
[Round "6"]
[White "Helm, Timo"]
[Black "Engesser, Jonas"]
[Result "1-0"]
[WhiteElo "1969"]
[BlackElo "2060"]
[PlyCount "87"]
[EventDate "2016.05.26"]
[EventType "swiss"]
[EventRounds "7"]
[EventCountry "GER"]
[SourceTitle "CBM 172 Extra"]
[Source "ChessBase"]
[SourceDate "2016.06.21"]
[SourceVersion "1"]
[SourceVersionDate "2016.06.21"]
[SourceQuality "1"]

1. e4 c5 2. Nc3 e6 3. f4 d5 4. exd5 exd5 5. Bb5+ Bd7 6. Qe2+ Be7 7. Nxd5 Bc6 8. Nxe7 Nxe7 9. Nf3 0-0 10. Bxc6 Nbxc6 11. 0-0 Nf5 12. d3 Qf6 13. Qf2 b6 14. Ne5 Rad8 15. Bd2 Nfd4 16. Nxc6 Qxc6 17. Bc3 Qa4 18. Rfe1 b5 19. b3 Qa3 20. Re4 b4 21. Bxd4 cxd4 22. Qe1 Qb2 23. Re2 Rc8 24. Rb1 Qxa2 25. c4 Qa5 26. Re5 Qb6 27. Rb5 Qh6 28. Qf2 Rcd8 29. Rxb4 Rfe8 30. c5 Qf6 31. Rc1 Re6 32. Rbc4 Rc6 33. Re1 g6 34. Re4 h5 35. b4 Ra6 36. Qb2 Qh4 37. Rcxd4 Rb8 38. Rc4 Qg4 39. Rc1 Ra4 40. c6 Rc8 41. c7 Qd7 42. Qd4 Qg4 43. Rce1 Ra2 44. Re8+ 1-0

[Event "Schweinfurt op 26th"]
[Site "Schweinfurt"]
[Date "2016.05.28"]
[Round "5"]
[White "Engesser, Jonas"]
[Black "Krenz, Dieter"]
[Result "1-0"]
[WhiteElo "2060"]
[BlackElo "1934"]
[PlyCount "37"]
[EventDate "2016.05.26"]
[EventType "swiss"]
[EventRounds "7"]
[EventCountry "GER"]
[SourceTitle "CBM 172 Extra"]
[Source "ChessBase"]
[SourceDate "2016.06.21"]
[SourceVersion "1"]
[SourceVersionDate "2016.06.21"]
[SourceQuality "1"]

1. e4 Nf6 2. e5 Nd5 3. Nc3 Nxc3 4. dxc3 Nc6 5. Nf3 g6 6. Bc4 Bg7 7. Bf4 0-0 8. Qe2 d5 9. 0-0-0 e6 10. h4 Bd7 11. Bd3 Ne7 12. h5 c5 13. Qd2 Bc6 14. Bh6 Nf5 15. Bxg7 Nxg7 16. Qh6 c4 17. hxg6 fxg6 18. Qxh7+ Kf7 19. Bxg6+ 1-0

[Event "Schweinfurt op 26th"]
[Site "Schweinfurt"]
[Date "2016.05.26"]
[Round "1"]
[White "Engesser, Jonas"]
[Black "Leichum, Engelbert"]
[Result "1-0"]
[WhiteElo "2060"]
[BlackElo "1708"]
[PlyCount "51"]
[EventDate "2016.05.26"]
[EventType "swiss"]
[EventRounds "7"]
[EventCountry "GER"]
[SourceTitle "CBM 172 Extra"]
[Source "ChessBase"]
[SourceDate "2016.06.21"]
[SourceVersion "1"]
[SourceVersionDate "2016.06.21"]
[SourceQuality "1"]

1. e4 Nc6 2. Nf3 e5 3. Bb5 Nge7 4. c3 a6 5. Ba4 Ng6 6. d4 b5 7. Bb3 d6 8. Ng5 Be6 9. d5 Bxd5 10. Qxd5 Qd7 11. Qxf7+ Qxf7 12. Nxf7 Be7 13. Nxh8 Nxh8 14. Bd5 Kd7 15. 0-0 Rf8 16. Bxc6+ Kxc6 17. Be3 Ng6 18. g3 Bf6 19. a4 Ne7 20. axb5+ axb5 21. Ra6+ Kb7 22. Ra7+ Kc6 23. Nd2 Rc8 24. Rfa1 Kd7 25. Rb7 Nc6 26. Rxb5 1-0

[Event "Schweinfurt op 26th"]
[Site "Schweinfurt"]
[Date "2016.05.26"]
[Round "2"]
[White "Froitzheim, Ralf"]
[Black "Engesser, Jonas"]
[Result "1-0"]
[WhiteElo "1873"]
[BlackElo "2060"]
[PlyCount "35"]
[EventDate "2016.05.26"]
[EventType "swiss"]
[EventRounds "7"]
[EventCountry "GER"]
[SourceTitle "CBM 172 Extra"]
[Source "ChessBase"]
[SourceDate "2016.06.21"]
[SourceVersion "1"]
[SourceVersionDate "2016.06.21"]
[SourceQuality "1"]

1. c4 Nf6 2. g3 g6 3. Bg2 Bg7 4. Nc3 c5 5. Nf3 0-0 6. 0-0 d6 7. d4 cxd4 8. Nxd4 a6 9. b3 Qc7 10. Bb2 Nc6 11. Qd3 Nxd4 12. Qxd4 Nd7 13. Qxg7+ Kxg7 14. Nd5+ e5 15. Nxc7 Rb8 16. Rad1 b5 17. cxb5 axb5 18. Rxd6 1-0

[Event "Deizisau op 10th"]
[Site "Deizisau"]
[Date "2015.10.31"]
[Round "2"]
[White "Engesser, Jonas"]
[Black "Fischer, Sebastian"]
[Result "0-1"]
[WhiteElo "2082"]
[BlackElo "2238"]
[PlyCount "54"]
[EventDate "2015.10.30"]
[EventType "swiss"]
[EventRounds "7"]
[EventCountry "GER"]
[SourceTitle "CBM 169 Extra"]
[Source "ChessBase"]
[SourceDate "2015.12.18"]
[SourceVersion "1"]
[SourceVersionDate "2015.12.18"]
[SourceQuality "1"]

1. e4 c5 2. Nf3 Nc6 3. Bb5 e5 4. Bxc6 dxc6 5. h3 f6 6. d3 Be6 7. 0-0 Qd7 8. Be3 g5 9. Nh2 h5 10. Qe2 Bd6 11. Nd2 Ne7 12. c3 Ng6 13. Nb3 b6 14. Rfe1 g4 15. Rad1 Qg7 16. d4 gxh3 17. g3 Nf4 18. Bxf4 exf4 19. Kh1 fxg3 20. fxg3 c4 21. d5 cxb3 22. dxe6 0-0-0 23. axb3 Bxg3 24. Rg1 Rxd1 25. Rxd1 Bxh2 26. Qxh2 Qg4 27. Rd7 Qf3+ 0-1

[Event "Basel op"]
[Site "Basel"]
[Date "2014.01.03"]
[Round "4"]
[White "Heer, Stephan"]
[Black "Engesser, Jonas"]
[Result "1-0"]
[WhiteElo "2106"]
[BlackElo "1847"]
[PlyCount "72"]
[EventDate "2014.01.01"]
[EventType "swiss"]
[EventRounds "7"]
[EventCountry "SUI"]
[SourceTitle "CBM 158 Extra"]
[Source "ChessBase"]
[SourceDate "2014.02.28"]
[SourceVersion "1"]
[SourceVersionDate "2014.02.28"]
[SourceQuality "1"]

1. e4 c5 2. Nf3 d6 3. g3 Nc6 4. Bg2 g6 5. 0-0 Bg7 6. c3 e5 7. a3 Nge7 8. d3 0-0 9. b4 f5 10. b5 Na5 11. c4 fxe4 12. dxe4 Nxc4 13. Qb3 d5 14. exd5 e4 15. Ng5 Bxa1 16. Qxc4 Qxd5 17. Qc2 Bf5 18. g4 Bxg4 19. Bxe4 Qd7 20. Qa2+ c4 21. Qxa1 h6 22. Qe5 hxg5 23. Bb2 Nf5 24. Bxb7 Kh7 25. Bxa8 Rxa8 26. Qe4 Qxb5 27. Bc3 Rf8 28. Qxg4 Nh4 29. Nd2 Qb7 30. f3 Rf4 31. Qxg5 Qb6+ 32. Kh1 Qe3 33. Qe5 Qxe5 34. Bxe5 Rf5 35. f4 g5 36. Ne4 gxf4 1-0